MARC details
| 000 -LEADER |
| fixed length control field |
01357nmm a2200325 i 4500 |
| 003 - CONTROL NUMBER IDENTIFIER |
| control field |
OSt |
| 005 - DATE AND TIME OF LATEST TRANSACTION |
| control field |
20230410154920.0 |
| 006 - FIXED-LENGTH DATA ELEMENTS--ADDITIONAL MATERIAL CHARACTERISTICS |
| fixed length control field |
m||||eo||d 00| 0 |
| 007 - PHYSICAL DESCRIPTION FIXED FIELD--GENERAL INFORMATION |
| fixed length control field |
cr cn ---auauu |
| 008 - FIXED-LENGTH DATA ELEMENTS--GENERAL INFORMATION |
| fixed length control field |
220221b |||||||| |||| 00| 0 eng d |
| 016 ## - NATIONAL BIBLIOGRAPHIC AGENCY CONTROL NUMBER |
| Record control number |
018407 |
| 020 ## - INTERNATIONAL STANDARD BOOK NUMBER |
| International Standard Book Number |
9781506322452 (ebook) |
| 040 ## - CATALOGING SOURCE |
| Original cataloging agency |
MOSTI LIBRARY |
| Transcribing agency |
MOSTI LIBRARY |
| 041 ## - LANGUAGE CODE |
| Language code of text/sound track or separate title |
\a eng |
| 100 1# - MAIN ENTRY--PERSONAL NAME |
| Personal name |
Sousa, David A., |
| Relator term |
author |
| 245 10 - TITLE STATEMENT |
| Title |
From STEM to STEAM : |
| Remainder of title |
Brain-compatible Strategies and Lessons That Integrate The Arts / |
| Statement of responsibility, etc. |
David A. Sousa, Tom Pilecki |
| 250 ## - EDITION STATEMENT |
| Edition statement |
Second edition |
| 260 ## - PUBLICATION, DISTRIBUTION, ETC. |
| Place of publication, distribution, etc. |
Thousand Oaks, California |
| Name of publisher, distributor, etc. |
Corwin, |
| Date of publication, distribution, etc. |
[2018] |
| 300 ## - PHYSICAL DESCRIPTION |
| Extent |
1 online resource (xii, 248 pages) |
| Other physical details |
illustrations; |
| Accompanying material |
One e-book |
| 500 ## - GENERAL NOTE |
| General note |
Open searchable book. Download, copy and paste is not allowed. Viewers may read the whole book online by page in PDF format. Click on link to view pages. |
| 504 ## - BIBLIOGRAPHY, ETC. NOTE |
| Bibliography, etc. note |
Includes bibliographical references (pages 237-242) and index. |
| 650 10 - SUBJECT ADDED ENTRY--TOPICAL TERM |
| Source of heading or term |
Arts |
| General subdivision |
Study and teaching |
| 650 20 - SUBJECT ADDED ENTRY--TOPICAL TERM |
| Source of heading or term |
Science |
| General subdivision |
Study and teaching |
| 650 20 - SUBJECT ADDED ENTRY--TOPICAL TERM |
| Source of heading or term |
Interdisciplinary approach in education |
| 650 20 - SUBJECT ADDED ENTRY--TOPICAL TERM |
| Source of heading or term |
Cognitive learning |
| 700 1# - ADDED ENTRY--PERSONAL NAME |
| Personal name |
Pilecki, Thomas |
| Relator term |
author |
| 856 ## - ELECTRONIC LOCATION AND ACCESS |
| Uniform Resource Identifier |
<a href="https://repositori.mosti.gov.my/en/document/e-book/stem-steam-brain-compatible-strategies-and-lessons-integrate-arts-2nd-edition-david">https://repositori.mosti.gov.my/en/document/e-book/stem-steam-brain-compatible-strategies-and-lessons-integrate-arts-2nd-edition-david</a> |
| 942 ## - ADDED ENTRY ELEMENTS (KOHA) |
| Source of classification or shelving scheme |
Dewey Decimal Classification |
| Koha item type |
E-book |
| Suppress in OPAC |
No |
| 949 ## - LOCAL PROCESSING INFORMATION (OCLC) |
| 0 |
018407 |